Legislación civil, comercial y bancaria. (Record no. 90307)

MARC details
000 -LEADER
campo de control de longitud fija 00371nam a2200133 i 4500
001 - NÚMERO DE CONTROL
campo de control 90307
003 - IDENTIFICADOR DE NÚMERO DE CONTROL
campo de control ES-MaACL
007 - CAMPO FIJO DE DESCRIPCIÓN FÍSICA--INFORMACIÓN GENERAL
campo de control de longitud fija t|
008 - DATOS DE LONGITUD FIJA--INFORMACIÓN GENERAL
campo de control de longitud fija 050119s1954 sp ||||1| spa d
245 00 - MENCIÓN DEL TÍTULO
Título Legislación civil, comercial y bancaria.
260 ## - PUBLICACIÓN, DISTRIBUCIÓN, ETC.
Lugar de publicación, distribución, etc. Barcelona :
Nombre del editor, distribuidor, etc. Ediciones Prácticas,
Fecha de publicación, distribución, etc. [1954] (
Fabricante J. Soler)
300 ## - DESCRIPCIÓN FÍSICA
Extensión 148 p. ;
Dimensiones 22 cm.
852 ## - LOCALIZACIÓN
Ubicación ES-MaACL
Número de control de estantería C-8740
Sublocalización o colección R.36686
Holdings
Estatus retirado Estado de pérdida Estado de daño No para préstamo Biblioteca de origen Biblioteca actual Ubicación en estantería Fecha de adquisición Fuente de adquisición Total de préstamos Signatura topográfica completa Código de barras Visto por última vez Precio de reemplazo Tipo de ítem Koha
        Biblioteca del Ateneo de Madrid Biblioteca del Ateneo de Madrid Sala Palomar 17/01/2008     C-8740 1094302 23/02/2023 23/02/2023 Libro impreso